Представление документа в формате MARC21

Поле Инд. ПП Название Значение
Тип записи a
Библиографический уровень m
001 Контрольный номер da1c569b-1ed7-4b9a-b249-746bfbecaa09
005 Дата корректировки 20140703163632.8
008 Кодируемые данные 080129
020 a ISBN 5-93972-471-X
c Цена, тираж 160.00
040 a Служба первич. каталог. НБ ТвГУ
041 a Код языка текста rus
080 a Индекс УДК 536
084 a Индекс другой классификации/Индекс ББК В317.1
090 x Авторский знак П88
a Полочн. индекс В317.1
100 1_ a Автор Пуанкаре Анри
d Дата 1854-1912
245 00 a Заглавие Термодинамика
c Ответственность Анри Пуанкаре ; пер. с фр. О. И. Яковенко ; под ред. И. А. Квасникова
260 0_ a Место издания Москва
b Издательство Регулярная и хаотич. динамика
a Место издания Ижевск
b Издательство Ин-т компьютер. исслед.
c Дата издания 2005
300 a Объем 331 с.
b Иллюстрации/ тип воспроизводства ил.
583 a Действие Получение впервые 9 28.01.2008
k Исполнитель действия Дар РГГУ
650 a Основная рубрика Физика теоретическая
650 a Основная рубрика Термодинамика
653 a Ключевые слова Термодинамика
700 1_ a Другие авторы Яковенко О. И.
e Роль лиц пер.
700 1_ a Другие авторы Квасников И. А.
e Роль лиц ред.
852 t Порядковый номер экземпляра 2
p Инвентарный номер 902057
p Инвентарный номер 902058
863 t 00211564
863 t 00211565
888 a Бесплатные
952 p 9.2008 160.00 1 902057
p 9.2008 160.00 1 902058
c Вид литературы К рн
954 a Дата поступления на обработку 20080326
999 a Подразделение 2 Фил3